000 00471nam a22001697a 4500
003 DO-SdBNP
005 20171206092313.0
008 171113b pa||||| |||| 00| 0 spa d
020 _a9789995309824
040 _aBPMSU
_bspa
_cBPMSU
100 _aRoa Bastos , Augusto
245 _aLa casa del invierno verano /
_cAugusto Roa Bastos
260 _aAsuncion :
_bPlaza Uruguaya ,
_c2016
300 _a28 p.:
942 _2ddc
_cBK
945 _ainventariado extranjero / DG
999 _c12858
_d12858